00395nam a2200121Ia 4500008004100000245013400041260001700175260000900192300000800201650002300209650001200232856002900244170516s9999 xx 000 0 und d aBispecific Antibody Conjugated Manganese-Based Magnetic Engineered Iron Oxide for Imaging of HER2/neu- and EGFR-Expressing Tumors bTheranostics c2016 a6:1 xMedical Technology xMedtech uhttp://www.thno.org/v6i1